000 00512nam a22001817a 4500
999 _c9029
_d9029
003 GBCCL
005 20241126110703.0
008 220303b ||||| |||| 00| 0 eng d
040 _cgbc
082 _aVER 225.92
_bPAU
100 _aStalker, James M
_915766
240 _aThe life of Saint Paul
245 _aMi siangthou sawltak Paul hinkhua /
_ctranslated by Upa G Khamkhokam
260 _bDr Mrs Dimjam Guite,
_c2021
300 _a166p. ;
650 _aPaul, the Apostle, Saint
_99895
942 _2ddc
_cBK
_04